000
00364nam a2200133Ia 4500
008
100328s9999 xx 000 0 und d
082
_b
21714
100
_a
भावे पु.भा.
245
_a
मागं वळून
260
_b
कुलकर्णी
630
_a
मागं वळून
730
_a
मागं वळून
942
_c
BOOK
999
_c
515705
_d
515702